| 000 | 00445nam a2200181Ia 4500 | ||
|---|---|---|---|
| 001 | 23281 | ||
| 005 | 20260414150927.0 | ||
| 008 | 260414t2008||||xx |||||||||||||| ||spa|| | ||
| 041 | _aESP | ||
| 082 |
_a628.1683 _bF43 |
||
| 100 |
_aFerrer Polo, José _eAUT |
||
| 245 | 0 |
_aTratamientos biológicos de aguas residuales _b |
|
| 260 | _c2008 | ||
| 300 |
_a188 páginas : _c23 cm. |
||
| 650 | _aCNM | ||
| 654 | _aCCN | ||
| 942 |
_cLIB _dJUS _fJUS _2ddc _n |
||
| 999 |
_c23281 _d23281 |
||